Bhakti: (Record no. 3611)

MARC details
000 -LEADER
fixed length control field 00494nam a2200181Ia 4500
003 - CONTROL NUMBER IDENTIFIER
control field GBCCL
005 - DATE AND TIME OF LATEST TRANSACTION
control field 20241126110458.0
008 - FIXED-LENGTH DATA ELEMENTS--GENERAL INFORMATION
fixed length control field 171130b xxu||||| |||| 00| 0 eng d
040 ## - CATALOGING SOURCE
Transcribing agency gbc
082 ## - DEWEY DECIMAL CLASSIFICATION NUMBER
Classification number 294.5
Item number NEI
100 ## - MAIN ENTRY--PERSONAL NAME
Personal name Neill, Stephen
9 (RLIN) 7186
245 ## - TITLE STATEMENT
Title Bhakti:
Remainder of title Hindu and Christian /
Statement of responsibility, etc. Stephen Neill
260 ## - PUBLICATION, DISTRIBUTION, ETC.
Name of publisher, distributor, etc. Christian Literature Society,
Place of publication, distribution, etc. Madras:
Date of publication, distribution, etc. 1974
300 ## - PHYSICAL DESCRIPTION
Extent 82p.;
Dimensions 22 cm.
650 ## - SUBJECT ADDED ENTRY--TOPICAL TERM
Topical term or geographic name entry element Bhakti
9 (RLIN) 3312
650 ## - SUBJECT ADDED ENTRY--TOPICAL TERM
Topical term or geographic name entry element Christianity and Hinduism
9 (RLIN) 6953
942 ## - ADDED ENTRY ELEMENTS (KOHA)
Source of classification or shelving scheme Dewey Decimal Classification
Koha item type Books
Koha issues (borrowed), all copies 3
Holdings
Withdrawn status Lost status Source of classification or shelving scheme Damaged status Not for loan Home library Current Library Shelving location Date acquired Total checkouts Full call number Barcode Date last seen Date last checked out Copy number Price effective from Koha item type
    Dewey Decimal Classification     GRACE BIBLE COLLEGE GRACE BIBLE COLLEGE Philosophy and Religion 2017-11-30 4 294.5 NEI 003945 2025-09-17 2025-09-10 c.1 2017-11-30 Books
© Grace Bible College Library 2025